000 00391nam a2200169Ia 4500
008 210210b1937 xxu||||| |||| 00| 0 eng d
041 _aeng
082 _a824/10
100 _aBAYFIELD (M A)
245 _aThane of cawder
260 _aLondon
_bOxford University Press
_c1937
650 _aThane
650 _aof
650 _acawder
690 _aEnglish Criticism
906 _a013964
999 _c133035
_d133035